ARCHIVES PRINCIPLES AND PRACTICE (Record no. 25595)
[ view plain ]
| 000 -LEADER | |
|---|---|
| fixed length control field | 00305nam a22001337a 4500 |
| 008 - FIXED-LENGTH DATA ELEMENTS--GENERAL INFORMATION | |
| fixed length control field | 170830b xxu||||| |||| 00| 0 eng d |
| 020 ## - INTERNATIONAL STANDARD BOOK NUMBER | |
| International Standard Book Number | 9781555707262 |
| 041 ## - LANGUAGE CODE | |
| Language code of text/sound track or separate title | eng |
| 080 ## - UNIVERSAL DECIMAL CLASSIFICATION NUMBER | |
| Universal Decimal Classification number | 070 |
| 100 ## - Rafti | |
| Rafti | 40 |
| 101 ## - Shkurtesa | |
| Shkurtesa | MED |
| 245 ## - TITLE STATEMENT | |
| Title | ARCHIVES PRINCIPLES AND PRACTICE |
| Statement of responsibility, etc | MILLAR.L.A |
| 942 ## - ADDED ENTRY ELEMENTS (KOHA) | |
| Source of classification or shelving scheme | |
| Item type | Books |
No items available.